Online Public Access Catalog -OPAC

An Atlas of Haematological Cytology (Record no. 2573)

MARC details
000 -LEADER
fixed length control field 00643nam a2200193Ia 4500
008 - FIXED-LENGTH DATA ELEMENTS--GENERAL INFORMATION
fixed length control field 1969 e 1 eng
020 ## - INTERNATIONAL STANDARD BOOK NUMBER
International Standard Book Number 723401233
040 ## - CATALOGING SOURCE
Original cataloging agency NG-ZaABU
050 ## - LIBRARY OF CONGRESS CALL NUMBER
Classification number Qp 94
100 ## - MAIN ENTRY--PERSONAL NAME
Personal name Flemans,R.J.
245 #3 - TITLE STATEMENT
Title An Atlas of Haematological Cytology
Statement of responsibility, etc. by F.G. Hayhoe and R.J. Flemans
260 ## - PUBLICATION, DISTRIBUTION, ETC.
Place of publication, distribution, etc. London
Name of publisher, distributor, etc. Wolfe Medical Books
Date of publication, distribution, etc. 1969
300 ## - PHYSICAL DESCRIPTION
Extent 320p.:ill.;diagrs,pictures,tables
500 ## - GENERAL NOTE
General note Includes index
504 ## - BIBLIOGRAPHY, ETC. NOTE
Bibliography, etc. note Includes bibliographical references
650 ## - SUBJECT ADDED ENTRY--TOPICAL TERM
Topical term or geographic name entry element Haematology
700 ## - ADDED ENTRY--PERSONAL NAME
Personal name Hayhoe, F.G.

No items available.

Customized by ICT Technical Service Unit on 29th Dec 2022

Kashim Ibrahim Library